Gólok és érmek : sportriportok /

Hlavní autor: Batta, György, 1943-
Jazyk: Maďarština
Vydáno: Bratislava : Madách, 1989
Vydání: 1. kiadás
Fyzický popis: 144 stran : ilustrace 21 cm
Language note: Částečně slovenský text
Knihy
Uloženo v:
LEADER 00905nam a22002772i 4500
001 001510740
003 CZ BrMZK
005 20160719113129.0
007 ta
008 160211s1989 xo a er|||||||||||hun d
020 |a 80-7089-015-0  |q (brož.) 
040 |a ABA001  |b cze  |d ABA001  |d BOA001  |e rda 
080 9 |a 796.071.2(=1.437=945.11)(0:82-4)=945.11 
100 1 |a Batta, György,  |d 1943-  |7 mzk2010565364  |4 aut 
245 1 0 |a Gólok és érmek :  |b sportriportok /  |c György Batta 
250 |a 1. kiadás 
264 1 |a Bratislava :  |b Madách,  |c 1989 
300 |a 144 stran :  |b ilustrace  |c 21 cm 
336 |a text  |b txt  |2 rdacontent 
337 |a bez média  |b n  |2 rdamedia 
338 |a svazek  |b nc  |2 rdacarrier 
546 |a Částečně slovenský text 
910 |a BOA001  |b M2-0943.866 
990 |a BK 
991 |b 201602 
996 7 |b 2619153574  |c M2-0943.866  |l MZK  |r Sklad / do 24 hodin  |n 0  |w 001545911  |u 000010  |a 1  |e BOA001  |j MZK50  |s A